MDQL
is popping MORE tags! Check the
thread
!
Quizzes
Events
Quiz Creation
Community
Videos
Private Events
Remove Ads
Sign In
Join for FREE
Feedback
Dark Mode
Quiz Categories
Sports
Geography
Music
Movies
Television
Just For Fun
Miscellaneous
History
Literature
Language
Science
Gaming
Entertainment
Religion
Holiday
For Kids
Quiz Lab
Recent
Popular Today
Quiz Kudos Today
Editor Picks
Curator Picks
Quizzes by...
Day
Popularity
Type
Ratings
Length
Year
Community
Subscriptions
Recent Discussions
Orange Saloon
Badges
Playlists
Quests
Create
Leaderboards
Showdown
Live 5
Trivia Bingo
Activity
Puzzle Library
Sporcle Events
Private Events
Virtual Trivia
Globe League
Become a Host
Pub Owners
SporcleCon
Opinionation
Our Games
Videos
Blog
Mobile Apps
Partnerships
Remove Ads and Go Orange
Feedback
Movies
Disney
Marvel Cinematic Universe
Movie Resume
Movie Titles
Oscar
Actor
Actress
Director
Pixar
Role
Movie Quotes
Movie Characters
Box Office
Nominee
Best Picture
Star Wars
James Bond
Horror Movies
Movies
Disney
Marvel Cinematic Universe
Movie Resume
Movie Titles
Oscar
Actor
Actress
Director
Pixar
Role
Movie Quotes
Movie Characters
Box Office
Nominee
Best Picture
Star Wars
James Bond
Horror Movies
Random Quiz
Search Sporcle
×
Quiz Lab
Quiz Lab
Movies
Toys
Type in answers that appear in a list
Type in answers that appear in a list
Classic
Best Score? Go Orange.
Toy Story Q and A Stats
Can you name the Toy Story Q and A?
By
petre346
12m
27 Questions
955 Plays
955 Plays
955 Plays
Comments
Comments
Give Quiz Kudos
Give Quiz Kudos
-
- Ratings
hide this ad
Random Order
Randomize order of answers
Randomize order of answers
Replay
Link that replays current quiz
Next Quiz
Link to next quiz in quiz playlist
You Got
0%
They Got
Avg Score
61%
Avg Friend Score
Upgrade to see
Score Distribution
Jump to the score distribution portion of the page
Score
0/27
Timer
12:00
0
Plays Today
% Correct
Ken
91.4%
Bullseye
89.1%
Woody
88.6%
Lotso
88.4%
Emperor Zurg
88.2%
Pizza Planet
88%
Jessie
79.6%
Strawberries
78.7%
Rex
77.6%
Buster
74.6%
Barbie
71%
Mrs. Potato Head
69.1%
The Monkey
64.9%
Bonnie
64.6%
% Correct
The Pizza Planet Aliens
64.4%
Wheezy
60.5%
College
54.3%
Vending Machine
51.8%
Chuckles
49.1%
Prospector
45.4%
The Caterpillar Room
39.9%
Daisy
39.9%
Evil Doctor Porkchop
35.2%
Sid
32.4%
Chatter Telephone
29.4%
Davis
23.1%
Whoopi Goldberg
21.6%
Quiz Playlist
Details
Report
Send in Message
Add To Playlist
Classic:
Type in answers that appear in a list
Random Order:
Randomize order of answers
Last Updated: Feb 16, 2017
Quiz Scoreboard
CHALLENGE
Sign Up to Join the Scoreboard
Show All
Scores
Hide
Comments
May contain spoilers
Recently Published
Two Season TV Shows II
by 123Four
Television
10m
Image Sorting: Flags VI
by Barbecue
Geography
2m
Find the 'City' Movie
by crazypaving
Movies
60s
More to Explore
Quiz From the Vault
Featured Blog Post
14 Easter Pick-up Lines to Find Eggs With
hide this ad
You Might Also Like...
Tags
Toys Quiz
Story
Toy Story
Today's Top Quizzes in Movies
Browse Movies
hide this ad
Today's Top Quizzes in Toys
Browse Toys
Top Contributed Quizzes in Movies
1
The ultimate James Bond movie quiz
2
Find The 'Big' Movie
3
Find The 'Wild' Movie
4
Find The 'Blue' Movie
5
Movies By Plot
6
Hidden Star Wars Character II
7
Pick 5 Posters: Directed by Spielberg
8
Hidden Star Wars Character III
9
Hidden Star Wars Character IV
10
25 Best Actor Nominees (1990s)
Explore More
Trending Topics
Marvel
Harry Potter
NBA
Kpop
Crossword
Disney
Anime
The Office
WWE
Song
Puzzle
Country
NFL
Soccer
Pokémon
hide this ad
More By:
petre346
Quiz
Plays
Rating
Category
Featured
Created
Batman Arkham City Villians
4,899
1.04
Gaming
Oct 3, 2011
Mortal Kombat vs DC Universe Characters
1,639
1.25
Gaming
May 10, 2011
Toy Story Q and A
955
2.00
Movies
Dec 3, 2010
Cartoon Network Shows by Character
817
2.33
Television
Feb 6, 2011
Batman Arkham Asylum Villians
738
3.00
Gaming
Feb 13, 2011
Go to Creator's Profile
Score Distribution
Quiz Creator Spotlight
petre346
Follow
Send a Message
Quizzes Created
-
Created Quiz Play Count
-
More By This Creator
Popular Quizzes Today
1
Find the US States - No Outlines Minefield
2
Colored Red Africa Blitz
3
Find the 'City' Movie
4
5x2 Blitz: Bands
5
The Countries of the World
6
Find the Countries of Europe - No Outlines Minefield
7
Find the US States
8
US States
More Movies Quizzes
Best Actor Film Choices (1990s)
Quiz Lab
Trending Quizzes
Colored Red Europe Blitz I
Colored Red Africa Blitz II
Colored Red Europe Blitz II
Colored Red Africa Blitz III
Colored Red Europe Blitz III
Recently Updated
How Do You Spell That?
pecheneg
Godzilla Movies
pecheneg
Grab Bag: 4-10 Letters
pecheneg
2024 March Madness Bracket
pecheneg
Famous TV Couples
Peacemaker
Champions League XIs: Real Madrid
pecheneg
Largest US Cities 1790-2010
pecheneg
Rides in Walt Disney World
pecheneg
Most Oscar Losses (Acting)
pecheneg
Beyoncé Albums
pecheneg
Trending Topics
Marvel
Disney
Crossword
Harry Potter
Anime
NBA
Kpop
NFL
Pokémon
Song
Puzzle
WWE
Soccer
Country
The Office
Your Account Isn't Verified!
In order to create a playlist on Sporcle, you need to verify the email address you used during registration. Go to your
Sporcle Settings
to finish the process.
Report this User
Report this user for behavior that violates our
Community Guidelines
.
Details:
Send Report
Go to the Sporcle.com Mobile Site →
Comments